00421nmm a2200157Ia 4500008004100000041000800041100001700049245001900066264005100085300001800136490001400154650001700168856005200185942000700237999001900244251105s9999||||xx |||||||||||||||||und|| aspa aGogoll, Ruth 0aTaxi a París a[Madrid, España] :bEditorial Egales, c2018 a350 páginas aNarrativa aErotic novel uhttps://public.digitaliapublishing.com/a/163259 cCF c100205d100205